000
00316nam a22001457a 4500
008
230901b ||||| |||| 00| 0 eng d
020
_a
0804715696
041
_a
eng
080
_a
521
082
_a
521DAL
100
_a
19
101
_a
ASTRO
245
_a
THE AGE OF THE EARTH
_c
DALRYMPLE .B.G
942
_2
udc
_c
BK
999
_c
60245
_d
60245